| 000 | 00782nam a2200205Ia 4500 | ||
|---|---|---|---|
| 003 | GCL | ||
| 008 | 140319s9999 xx 000 0 ara d | ||
| 040 |
_aGCL / _cGCL |
||
| 082 | 0 | 4 |
_a346.07 _bق ش |
| 100 | 1 | _aقاسم عبد الحميد الوتيدى | |
| 245 | 1 | 0 |
_aشركة التوصية البسيطة دراسة قانونية مقارنة فى ضوء احكام شركة المضاربة فى الفقه الاسلامى / _cقاسم عبد الحميد الوتيدى |
| 700 | 1 | _aالادارة العامة للبحوث | |
| 260 |
_a[S.N] : _bالادارة العامة للبحوث ، _c1988 |
||
| 300 | _a412 | ||
| 490 | _a | ||
| 650 | 0 | 4 | _aالقانون |
| 650 | 0 | 4 | _aالفقه الاسلامى |
| 650 | 0 | 4 | _aالقانون التجارى |
| 942 |
_2ddc _cBK |
||
| 999 |
_c31933 _d31933 |
||